Técnica de tiro con escopeta / (Record no. 4050)
[ view plain ]
| 000 -CABECERA | |
|---|---|
| campo de control de longitud fija | 00901cam a2200253 a 4500 |
| 001 - NÚMERO DE CONTROL | |
| campo de control | 000004236 |
| 005 - FECHA Y HORA DE LA ÚLTIMA TRANSACCIÓN | |
| campo de control | 20200929151421.0 |
| 008 - DATOS DE LONGITUD FIJA--INFORMACIÓN GENERAL | |
| campo de control de longitud fija | 760730s1965 sp af b 001 0 spa |
| 040 ## - FUENTE DE LA CATALOGACIÓN | |
| Centro catalogador/agencia de origen | DO-SdBNP |
| Lengua de catalogación | spa |
| Centro/agencia transcriptor | BNPHU |
| 082 ## - NÚMERO DE LA CLASIFICACIÓN DECIMAL DEWEY | |
| Número de clasificación | 799.202834 |
| Número de documento/Ítem | S784t |
| 100 1# - ENTRADA PRINCIPAL--NOMBRE DE PERSONA | |
| Nombre de persona | Stanbury, Percy |
| 9 (RLIN) | 12519 |
| 240 10 - TÍTULO UNIFORME | |
| Título uniforme | Shotgun marksmanship. |
| Lenguaje de la obra | Español. |
| 245 10 - MENCIÓN DE TÍTULO | |
| Título | Técnica de tiro con escopeta / |
| Mención de responsabilidad, etc. | Percy Stanbury, G. L. Carliste; prólogo de Jorge de Pallejá; traducción de Conrado Niell Sureda. |
| 260 ## - PUBLICACIÓN, DISTRIBUCIÓN, ETC. | |
| Lugar de publicación, distribución, etc. | Barcelona : |
| Nombre del editor, distribuidor, etc. | Hispano Europea, |
| Fecha de publicación, distribución, etc. | 1965. |
| 300 ## - DESCRIPCIÓN FÍSICA | |
| Extensión | 205 p. : |
| Otras características físicas | il. ; |
| Dimensiones | 20 cm. |
| 490 1# - MENCIÓN DE SERIE | |
| Mención de serie | Herakles |
| 490 1# - MENCIÓN DE SERIE | |
| Mención de serie | Técnicas de Caza |
| 534 ## - NOTA SOBRE LA VERSIÓN ORIGINAL | |
| Encabezamiento principal del original | Título original: |
| Mención de título del original | Shotgun marksmanship |
| 650 #4 - PUNTO DE ACCESO ADICIONAL DE MATERIA--TÉRMINO DE MATERIA | |
| Término de materia o nombre geográfico como elemento de entrada | Tiro |
| Subdivisión general | Técnica |
| 9 (RLIN) | 12520 |
| 700 1# - PUNTO DE ACCESO ADICIONAL--NOMBRE DE PERSONA | |
| Nombre de persona | Carliste, G. L. |
| 9 (RLIN) | 12521 |
| 700 1# - PUNTO DE ACCESO ADICIONAL--NOMBRE DE PERSONA | |
| Nombre de persona | Palleja, Jorge de, |
| Término indicativo de función/relación | prol. |
| 9 (RLIN) | 12522 |
| 700 1# - PUNTO DE ACCESO ADICIONAL--NOMBRE DE PERSONA | |
| Nombre de persona | Niell Sureda, Conrado |
| Término indicativo de función/relación | tr. |
| 9 (RLIN) | 12523 |
| 830 #0 - PUNTO DE ACCESO ADICIONAL DE SERIE-TÍTULO UNIFORME | |
| Título uniforme | Herakles. |
| Nombre de parte o sección de la obra | Técnicas de Caza |
| 9 (RLIN) | 12524 |
| Estado de retiro | Estado de pérdida | Restricciones de uso | No para préstamo | Código de colección | Localización permanente | Ubicación/localización actual | Ubicación en estantería | Fecha de adquisición | Número de inventario | Total de préstamos | Signatura topográfica completa | Código de barras | Fecha visto por última vez | Precio válido a partir de | Tipo de ítem Koha |
|---|---|---|---|---|---|---|---|---|---|---|---|---|---|---|---|
| Préstamo interno | Monografías: Libros y Folletos | General | General | En catalogación | 20.07.2009 | LF1 | 799.202834 S784t | 4236-10 | 25.06.2020 | 25.06.2020 | Préstamo interno |
